The house with six legs and other stories

Bibliographic Details
Main Author: Blyton, Enid
Corporate Author: Title
Format: Book
Published: London : Award , 2000
Subjects:

MARC

LEADER 00000cam a2200000 7i4500
001 0000003313
005 20151222.0
008 070718
020 |a 1841350109 
090 0 0 |a JF   |b ENG 
100 1 |a Blyton, Enid 
245 1 4 |a The house with six legs and other stories   |c Enid Blyton 
260 |a London :   |b Award ,   |c 2000 
500 |a Children ages 10-12 years old (pink) 
650 0 |a Fairy tale 
650 0 |a Junior fiction   |x English   |x Languages 
710 0 |a Title 
999 |a 0000961407   |b Book   |c Children Collection   |e Cawangan Bandar Penawar 
999 |a 0000961408   |b Book   |c Children Collection   |e Perbadanan Perpustakaan Awam Johor 
999 |a 0000961409   |b Book   |c Children Collection   |e Perbadanan Perpustakaan Awam Johor 
999 |a 0000961410   |b Book   |c Children Collection   |e Cawangan Bandar Tenggara